[Event "5. ODEM U25 2008"]
[Site "Willingen GER"]
[Date "2008.05.13"]
[Round "4"]
[White "Zahn, Benno"]
[Black "Müller, Johannes"]
[Result "1-0"]
[Termination "normal"]
[Board "20"]
[WhiteElo "1798"]
[BlackElo "1719"]
[PlyCount "81"]
[WhiteFideId "24636070"]
[BlackFideId "24602191"]
[EventCountry "GER"]
[EventRounds "9"]
[EventType "swiss"]
[EventDate "2008.05.10"]

1. Nf3 d5 2. d4 Nf6 3. c4 c6 4. Bf4 dxc4 5. e3 b5 6. Nc3 e6 7. Qc2 Bb7 8. Rd1
Nd5 9. Bg3 Qa5 10. e4 Nxc3 11. bxc3 Nd7 12. Rb1 Nb6 13. Be2 Na4 14. Bf4 Qxc3+
15. Kd1 Ba3 16. Bc1 Bxc1 17. Kxc1 Qxc2+ 18. Kxc2 c3 19. d5 exd5 20. exd5 a6 21.
Nd4 Kd7 22. dxc6+ Bxc6 23. Nxc6 Kxc6 24. Bf3+ Kc5 25. Bxa8 Rxa8 26. Rhe1 Rd8
27. Rbd1 Rxd1 28. Rxd1 Kc6 29. Rd8 Nc5 30. Rd4 Ne6 31. Rh4 h6 32. Kxc3 a5 33.
a3 f5 34. Rh5 Ng5 35. f3 f4 36. h4 Ne6 37. Rf5 g5 38. hxg5 hxg5 39. Re5 b4+ 40.
Kc4 Kd7 41. a4 1-0

[Event "5. ODEM U25 2008"]
[Site "Willingen GER"]
[Date "2008.05.13"]
[Round "4"]
[White "Huhnstock, Rico"]
[Black "Carow, Annelen"]
[Result "1-0"]
[Termination "normal"]
[Board "21"]
[WhiteElo "1880"]
[BlackElo "1542"]
[PlyCount "93"]
[WhiteFideId "24642932"]
[BlackFideId "24692492"]
[EventCountry "GER"]
[EventRounds "9"]
[EventType "swiss"]
[EventDate "2008.05.10"]

1. e4 e5 2. Nf3 Nc6 3. Bc4 Be7 4. d4 exd4 5. Nxd4 d6 6. O-O Nf6 7. Nc3 O-O 8.
f3 Na5 9. Be2 d5 10. e5 Ne8 11. Nb3 Nxb3 12. axb3 Bc5+ 13. Kh1 c6 14. Na4 Qe7
15. Qd3 b6 16. Nxc5 bxc5 17. Be3 Nc7 18. f4 f6 19. exf6 Rxf6 20. Rae1 Ba6 21.
Qd2 Bxe2 22. Qxe2 Re6 23. Qf2 d4 24. Bd2 Re8 25. Rxe6 Qxe6 26. Re1 Qf7 27. Kg1
Nd5 28. g3 Kf8 29. Kf1 Re6 30. Rxe6 Qxe6 31. Qe2 Kf7 32. Qxe6+ Kxe6 33. Ke2 Nf6
34. Kf3 Kd5 35. g4 Ne4 36. Be1 Nd6 37. f5 c4 38. bxc4+ Nxc4 39. b3 Na3 40. c3
c5 41. cxd4 Kd6 42. Ke4 Nc2 43. Bd2 Na1 44. b4 Nb3 45. Bf4+ Kc6 46. b5+ Kb6 47.
g5 1-0

[Event "5. ODEM U25 2008"]
[Site "Willingen GER"]
[Date "2008.05.13"]
[Round "4"]
[White "Eigemann, Julian"]
[Black "Kahleys, Kevin"]
[Result "1-0"]
[Termination "normal"]
[Board "22"]
[WhiteElo "1604"]
[BlackElo "1955"]
[PlyCount "81"]
[WhiteFideId "24666599"]
[BlackFideId "24669601"]
[EventCountry "GER"]
[EventRounds "9"]
[EventType "swiss"]
[EventDate "2008.05.10"]

1. e4 e6 2. d3 d5 3. Nd2 Nf6 4. Ngf3 c5 5. g3 b5 6. Bg2 Bb7 7. Qe2 Be7 8. O-O
O-O 9. c3 Nc6 10. e5 Nd7 11. h4 Qc7 12. Re1 a5 13. Nf1 b4 14. Bf4 a4 15. a3 Na5
16. N3h2 Nb3 17. Ra2 bxc3 18. bxc3 Rab8 19. Qg4 Kh8 20. Nf3 Ba6 21. Ng5 Bxg5
22. hxg5 Bxd3 23. Bxd5 Nb6 24. Be4 Bxe4 25. Rxe4 Nd5 26. Rc2 Qc6 27. f3 c4 28.
Rh2 Kg8 29. Qh5 Rfd8 30. Qxh7+ Kf8 31. g6 Ne7 32. Qh8+ Ng8 33. Rh7 Ke7 34. Bg5+
Kd7 35. Bxd8 Rxd8 36. gxf7 Qc5+ 37. Re3 Kc6 38. fxg8=Q Rd1 39. Qc8+ Kb5 40.
Qxc5+ Kxc5 41. Qc8+ 1-0

[Event "5. ODEM U25 2008"]
[Site "Willingen GER"]
[Date "2008.05.13"]
[Round "4"]
[White "Maßloch, Philipp"]
[Black "Klebanov, Andrej"]
[Result "0-1"]
[Termination "normal"]
[Board "23"]
[WhiteElo "1585"]
[BlackElo "1850"]
[PlyCount "76"]
[WhiteFideId "24692476"]
[BlackFideId "24669989"]
[EventCountry "GER"]
[EventRounds "9"]
[EventType "swiss"]
[EventDate "2008.05.10"]

1. e4 e6 2. d4 d5 3. Nc3 Bb4 4. e5 c5 5. a3 Bxc3+ 6. bxc3 Ne7 7. Qg4 Qc7 8.
Qxg7 Rg8 9. Qxh7 cxd4 10. Ne2 dxc3 11. f4 Bd7 12. Qd3 Na6 13. Nxc3 Nc5 14. Qe3
a6 15. Bd2 Nf5 16. Qf2 d4 17. Nd1 Ne4 18. Qe2 Neg3 19. hxg3 Nxg3 20. Qf2 Nxh1
21. Qxd4 Ng3 22. Ne3 Nxf1 23. Kxf1 Rd8 24. Kf2 Bc6 25. Qb4 b6 26. Rg1 a5 27.
Qc3 Qd7 28. Nc4 Qd4+ 29. Qxd4 Rxd4 30. Nd6+ Kf8 31. Be3 Ra4 32. Bxb6 Rxf4+ 33.
Ke3 Rfg4 34. Bxa5 Rxg2 35. Rxg2 Rxg2 36. c3 Rg4 37. Bb4 Kg7 38. Nc8 Re4+ 0-1

[Event "5. ODEM U25 2008"]
[Site "Willingen GER"]
[Date "2008.05.13"]
[Round "4"]
[White "Zuferi, Enis"]
[Black "Richters, Marc"]
[Result "0-1"]
[Termination "normal"]
[Board "24"]
[WhiteElo "1462"]
[BlackElo "1961"]
[PlyCount "60"]
[WhiteFideId "24692530"]
[BlackFideId "24612332"]
[EventCountry "GER"]
[EventRounds "9"]
[EventType "swiss"]
[EventDate "2008.05.10"]

1. Nf3 b6 2. g3 Bb7 3. Bg2 Nf6 4. c4 e6 5. Nc3 Bb4 6. d4 O-O 7. O-O c5 8. e3 d5
9. cxd5 cxd4 10. Nxd4 Bxc3 11. bxc3 Bxd5 12. Bxd5 Qxd5 13. Qb3 Qh5 14. Kg2 Nbd7
15. Ba3 Rfc8 16. Rac1 e5 17. Nb5 e4 18. Qd1 Qxb5 19. Qc2 Qf5 20. Qe2 Ne5 21.
Qb5 Qf3+ 22. Kg1 Nd3 23. Rcd1 Rd8 24. Be7 Ng4 25. Bxd8 Rxd8 26. Rd2 h6 27. Qb3
Ne1 28. Rxd8+ Kh7 29. Rxe1 Qxf2+ 30. Kh1 Qxh2# 0-1

[Event "5. ODEM U25 2008"]
[Site "Willingen GER"]
[Date "2008.05.13"]
[Round "4"]
[White "Gheng, Hannelore"]
[Black "Ackermann, Johannes"]
[Result "0-1"]
[Termination "normal"]
[Board "25"]
[WhiteElo "1439"]
[BlackElo "1902"]
[PlyCount "70"]
[BlackFideId "24663875"]
[EventCountry "GER"]
[EventRounds "9"]
[EventType "swiss"]
[EventDate "2008.05.10"]

1. e4 c5 2. Nf3 Nc6 3. d4 cxd4 4. Nxd4 Nf6 5. Nc3 e5 6. Nf3 Bb4 7. Bd2 Bxc3 8.
Bxc3 Nxe4 9. Bxe5 Nxe5 10. Qe2 d5 11. Nxe5 O-O 12. O-O-O Re8 13. Qh5 g6 14.
Nxg6 hxg6 15. Qf3 Qg5+ 16. Qe3 Qxe3+ 17. fxe3 Nf2 18. Bb5 Rxe3 19. Rde1 Rxe1+
20. Rxe1 Be6 21. Rf1 Ne4 22. Bd3 Nc5 23. Be2 Re8 24. Kd2 Bf5 25. Bf3 Be4 26.
Re1 Kf8 27. Kc3 Bxf3 28. Rxe8+ Kxe8 29. gxf3 Kd7 30. Kd4 Kd6 31. b4 Ne6+ 32.
Ke3 Ke5 33. a4 d4+ 34. Ke2 Kf4 35. Kf2 Ng5 0-1

[Event "5. ODEM U25 2008"]
[Site "Willingen GER"]
[Date "2008.05.13"]
[Round "4"]
[White "Häussler, Daniel"]
[Black "Häcker, Katrin"]
[Result "1/2-1/2"]
[Termination "normal"]
[Board "26"]
[WhiteElo "1919"]
[BlackElo "1663"]
[PlyCount "69"]
[WhiteFideId "24631345"]
[BlackFideId "24667986"]
[EventCountry "GER"]
[EventRounds "9"]
[EventType "swiss"]
[EventDate "2008.05.10"]

1. d4 d5 2. c4 e6 3. Nf3 Nf6 4. Nc3 c6 5. Bf4 Bd6 6. Bxd6 Qxd6 7. c5 Qe7 8. e4
dxe4 9. Ng5 e5 10. Ncxe4 Nxe4 11. Nxe4 exd4 12. Qe2 O-O 13. Nd6 Qxe2+ 14. Bxe2
Nd7 15. b4 b6 16. Rc1 bxc5 17. bxc5 Rb8 18. O-O Rb2 19. Rfe1 Rxa2 20. Bc4 Ra5
21. Re7 Nxc5 22. Nxf7 Be6 23. Bxe6 Nxe6 24. Nh6+ gxh6 25. Rxe6 c5 26. Rc6 d3
27. Kf1 Rd8 28. Rb1 Ra2 29. Rxc5 Rc2 30. Ra5 d2 31. Rd1 Rd7 32. Ra3 Kg7 33. f4
h5 34. g3 Rb2 35. Ke2 1/2-1/2

[Event "5. ODEM U25 2008"]
[Site "Willingen GER"]
[Date "2008.05.13"]
[Round "4"]
[White "George, Tom"]
[Black "Pogan, Nicolas"]
[Result "0-1"]
[Termination "normal"]
[Board "27"]
[WhiteElo "1669"]
[BlackElo "2003"]
[PlyCount "84"]
[WhiteFideId "24659487"]
[BlackFideId "24673579"]
[EventCountry "GER"]
[EventRounds "9"]
[EventType "swiss"]
[EventDate "2008.05.10"]

1. e4 c6 2. Nc3 d5 3. f4 d4 4. Nce2 Bg4 5. h3 Bxe2 6. Bxe2 e5 7. Nf3 f6 8. Bc4
Nd7 9. d3 Bb4+ 10. Kf2 Ne7 11. Nh4 Qc7 12. Qg4 g6 13. f5 Nf8 14. Bh6 b5 15. Bg7
bxc4 16. Bxh8 Kf7 17. Bxf6 Kxf6 18. dxc4 Bd2 19. Rhf1 Be3+ 20. Ke2 g5 21. Nf3
Qb6 22. b3 Qb4 23. Rfd1 Qc3 24. Ne1 Nd7 25. Qh5 Kg7 26. Rab1 Nf6 27. Qf3 Nc8
28. Rd3 Qa5 29. a4 Nd6 30. g3 Ndxe4 31. b4 Qxa4 32. Rbb3 Bf2 33. Qg2 Qa1 34.
Nf3 Re8 35. b5 Qc1 36. Ra3 Qxc2+ 37. Nd2 Re7 38. bxc6 Be3 39. Ke1 Qc1+ 40. Ke2
Bxd2 41. Qf1 Qxc4 42. Qb1 Nc3+ 0-1

[Event "5. ODEM U25 2008"]
[Site "Willingen GER"]
[Date "2008.05.13"]
[Round "4"]
[White "Elser, Niklas"]
[Black "Reichert, Manuel"]
[Result "1-0"]
[Termination "normal"]
[Board "28"]
[WhiteElo "1858"]
[BlackElo "1946"]
[PlyCount "97"]
[WhiteFideId "24634573"]
[BlackFideId "24674028"]
[EventCountry "GER"]
[EventRounds "9"]
[EventType "swiss"]
[EventDate "2008.05.10"]

1. e4 c5 2. b3 Nc6 3. Bb2 d6 4. Bc4 Nf6 5. Nc3 e6 6. Nf3 Be7 7. a4 O-O 8. O-O
a6 9. d4 cxd4 10. Nxd4 Qb6 11. Nxc6 bxc6 12. a5 Qc7 13. Qf3 d5 14. exd5 cxd5
15. Bd3 Bb7 16. Qh3 e5 17. f4 e4 18. Be2 d4 19. Na4 Qxc2 20. Bc4 d3 21. Rac1
Qe2 22. Rce1 Qg4 23. Qxg4 Nxg4 24. Bxd3 exd3 25. Rxe7 Bc6 26. Nc5 Rfe8 27. Ree1
Bb5 28. Bc3 Ne3 29. Rf3 Nd5 30. Be5 d2 31. Rd1 Be2 32. Rxd2 Bxf3 33. gxf3 Nf6
34. Rd6 Red8 35. Rb6 Rd5 36. b4 Nd7 37. Rxa6 Rxa6 38. Nxa6 Nxe5 39. fxe5 Rb5
40. Kf2 Kf8 41. f4 Ke7 42. Ke3 Kd7 43. Kd4 Kc8 44. Kc4 Rb7 45. b5 Rd7 46. b6
Rd2 47. Nc5 Rxh2 48. a6 Kb8 49. Nd7+ 1-0

[Event "5. ODEM U25 2008"]
[Site "Willingen GER"]
[Date "2008.05.13"]
[Round "4"]
[White "Paulus, Jeffrey"]
[Black "Drewes, Carina"]
[Result "1/2-1/2"]
[Termination "normal"]
[Board "29"]
[WhiteElo "1674"]
[BlackElo "1676"]
[PlyCount "50"]
[WhiteFideId "24692468"]
[BlackFideId "24600296"]
[EventCountry "GER"]
[EventRounds "9"]
[EventType "swiss"]
[EventDate "2008.05.10"]

1. Nf3 Nf6 2. c4 e6 3. d4 d5 4. g3 Be7 5. Bg2 c6 6. cxd5 exd5 7. O-O O-O 8. Nc3
h6 9. Ne5 Bf5 10. Qb3 Qb6 11. Qxb6 axb6 12. a3 Re8 13. Re1 Bd6 14. e4 dxe4 15.
Nc4 Bc7 16. Nd2 Nbd7 17. Ndxe4 Nxe4 18. Nxe4 Bxe4 19. Rxe4 Nf6 20. Rxe8+ Rxe8
21. Be3 Rd8 22. Rc1 Nd5 23. b4 b5 24. Bxd5 Rxd5 25. Kg2 Bb6 1/2-1/2

[Event "5. ODEM U25 2008"]
[Site "Willingen GER"]
[Date "2008.05.13"]
[Round "4"]
[White "Schneider, Johannes"]
[Black "Schätz, Christopher"]
[Result "1/2-1/2"]
[Termination "normal"]
[Board "30"]
[WhiteElo "1645"]
[BlackElo "2033"]
[PlyCount "45"]
[WhiteFideId "24687260"]
[BlackFideId "24623997"]
[EventCountry "GER"]
[EventRounds "9"]
[EventType "swiss"]
[EventDate "2008.05.10"]

1. d4 Nf6 2. c4 e6 3. Nc3 Bb4 4. Qc2 d5 5. a3 Bxc3+ 6. Qxc3 h6 7. Qg3 dxc4 8.
e3 O-O 9. Bxc4 b5 10. Bxb5 c5 11. Be2 Ne4 12. Qf4 Bb7 13. Nf3 Nd7 14. O-O g5
15. Qg4 Kg7 16. Nd2 Ndf6 17. Qh3 cxd4 18. Nxe4 Bxe4 19. Bf3 d3 20. Bd2 Rc8 21.
Bc3 Bg6 22. Qg4 Kg8 23. Qd4 1/2-1/2

[Event "5. ODEM U25 2008"]
[Site "Willingen GER"]
[Date "2008.05.13"]
[Round "4"]
[White "Wenninger, Philipp"]
[Black "Haase, Sebastian"]
[Result "1-0"]
[Termination "normal"]
[Board "31"]
[WhiteElo "1868"]
[BlackElo "1627"]
[PlyCount "65"]
[WhiteFideId "4648404"]
[EventCountry "GER"]
[EventRounds "9"]
[EventType "swiss"]
[EventDate "2008.05.10"]

1. e4 c5 2. Nf3 Nc6 3. c3 d5 4. exd5 Qxd5 5. d4 Bg4 6. Be2 e6 7. O-O Nf6 8. Be3
cxd4 9. cxd4 Be7 10. Nc3 Qd8 11. Qb3 Qc7 12. Nb5 Qd7 13. Rac1 O-O 14. Rfd1 Nd5
15. Nc3 Bd6 16. Ne4 Na5 17. Qd3 Nf4 18. Bxf4 Bxf4 19. Rc5 Nc6 20. g3 Bc7 21.
Rg5 f5 22. Nc5 Qf7 23. Nh4 Bd8 24. Rxg4 fxg4 25. Qe3 h5 26. Bc4 Kh8 27. Nxe6
Bxh4 28. Nxf8 Qxf8 29. gxh4 Re8 30. Qg5 g6 31. Qxg6 Nxd4 32. Qxh5+ Kg7 33.
Qxg4+ 1-0

[Event "5. ODEM U25 2008"]
[Site "Willingen GER"]
[Date "2008.05.13"]
[Round "4"]
[White "Bömelburg, Raphael"]
[Black "Janiesch, Maike"]
[Result "1-0"]
[Termination "normal"]
[Board "32"]
[WhiteElo "1852"]
[BlackElo "1698"]
[PlyCount "87"]
[WhiteFideId "24692441"]
[EventCountry "GER"]
[EventRounds "9"]
[EventType "swiss"]
[EventDate "2008.05.10"]

1. e4 d5 2. exd5 Qxd5 3. Nc3 Qa5 4. d4 c6 5. Bc4 Nf6 6. Bf4 Bg4 7. f3 Bh5 8.
Qd2 Nbd7 9. O-O-O O-O-O 10. Nge2 e6 11. Ne4 Qxd2+ 12. Bxd2 Bg6 13. Bg5 Be7 14.
Nf4 Bxe4 15. fxe4 h6 16. Bxf6 Nxf6 17. e5 Nd5 18. Bxd5 exd5 19. Rhf1 Bg5 20. g3
Rhf8 21. h4 Bxf4+ 22. gxf4 Rde8 23. f5 c5 24. c3 cxd4 25. cxd4 Kd7 26. Rg1 Rg8
27. h5 g6 28. hxg6 fxg6 29. Rxg6 Rxg6 30. fxg6 Rg8 31. Rg1 Ke6 32. Kd2 Kf5 33.
Ke3 Rg7 34. Rf1+ Kxg6 35. Rg1+ Kf7 36. Rxg7+ Kxg7 37. Kf4 Kg6 38. Kg4 a6 39. a4
a5 40. b3 b6 41. Kh4 h5 42. e6 Kf6 43. Kxh5 Kxe6 44. Kg6 1-0

[Event "5. ODEM U25 2008"]
[Site "Willingen GER"]
[Date "2008.05.13"]
[Round "4"]
[White "Fernschild, Daniel"]
[Black "Wolkow, Michael"]
[Result "1-0"]
[Termination "normal"]
[Board "33"]
[WhiteElo "1877"]
[BlackElo "1566"]
[PlyCount "39"]
[WhiteFideId "4624513"]
[EventCountry "GER"]
[EventRounds "9"]
[EventType "swiss"]
[EventDate "2008.05.10"]

1. d4 d5 2. Nf3 Nf6 3. e3 c6 4. Bd3 Bg4 5. c4 e6 6. O-O Bd6 7. Nbd2 Nbd7 8. Qc2
O-O 9. e4 dxe4 10. Nxe4 Nxe4 11. Bxe4 Bxf3 12. Bxf3 Qh4 13. g3 Qf6 14. Be4 h6
15. Be3 e5 16. Rad1 exd4 17. Bxd4 Ne5 18. f4 Bc5 19. Bxc5 Ng4 20. h3 1-0

[Event "5. ODEM U25 2008"]
[Site "Willingen GER"]
[Date "2008.05.13"]
[Round "4"]
[White "Lehmann, Ruben"]
[Black "Popp, Maximilian"]
[Result "1/2-1/2"]
[Termination "normal"]
[Board "34"]
[WhiteElo "1780"]
[BlackElo "1560"]
[PlyCount "44"]
[WhiteFideId "24671177"]
[BlackFideId "24673668"]
[EventCountry "GER"]
[EventRounds "9"]
[EventType "swiss"]
[EventDate "2008.05.10"]

1. d4 Nf6 2. Nf3 c5 3. d5 e6 4. c4 exd5 5. cxd5 d6 6. Nc3 g6 7. e4 Bg7 8. Bf4
O-O 9. Bd3 Na6 10. O-O Nc7 11. h3 a6 12. a4 Rb8 13. a5 b5 14. axb6 Rxb6 15. Na4
Rb4 16. Nd2 Nfxd5 17. Bh2 Nf6 18. Nc4 Nxe4 19. Bxe4 Rxc4 20. Qxd6 Rxe4 21. Qxd8
Rxd8 22. Bxc7 Rd2 1/2-1/2

[Event "5. ODEM U25 2008"]
[Site "Willingen GER"]
[Date "2008.05.13"]
[Round "4"]
[White "Biebinger, Eva"]
[Black "Kelm, Marcel"]
[Result "0-1"]
[Termination "normal"]
[Board "36"]
[WhiteElo "1429"]
[BlackElo "2016"]
[PlyCount "36"]
[BlackFideId "4675770"]
[EventCountry "GER"]
[EventRounds "9"]
[EventType "swiss"]
[EventDate "2008.05.10"]

1. c4 e5 2. Nc3 Nc6 3. g3 f5 4. e3 Nf6 5. b3 Be7 6. Bb2 a6 7. Nge2 d5 8. cxd5
Nb4 9. d4 e4 10. Nf4 O-O 11. Ne6 Bxe6 12. dxe6 Nbd5 13. Bh3 Nxc3 14. Bxc3 Nd5
15. Bd2 Nb4 16. Bxb4 Bxb4+ 17. Ke2 Qe8 18. a3 Qb5+ 0-1

[Event "5. ODEM U25 2008"]
[Site "Willingen GER"]
[Date "2008.05.13"]
[Round "4"]
[White "Wisheckel, Florian"]
[Black "Usov, Andreas"]
[Result "1-0"]
[Termination "normal"]
[Board "37"]
[WhiteElo "1749"]
[BlackElo "1461"]
[PlyCount "77"]
[WhiteFideId "24678090"]
[BlackFideId "24601713"]
[EventCountry "GER"]
[EventRounds "9"]
[EventType "swiss"]
[EventDate "2008.05.10"]

1. e4 e5 2. Nf3 Nc6 3. Nc3 Bc5 4. Bc4 d6 5. h3 Nge7 6. Ng5 O-O 7. Qh5 h6 8.
Nxf7 Rxf7 9. Qxf7+ Kh7 10. Nd5 Nxd5 11. exd5 Nd4 12. Bd3+ Kh8 13. c3 Bf5 14.
Bxf5 Nxf5 15. Qxf5 Qh4 16. O-O Re8 17. a4 a6 18. b4 Ba7 19. Qd7 Rf8 20. d4 exd4
21. cxd4 Bxd4 22. Ra2 Qe4 23. Qe6 Qh4 24. Qg4 Qf6 25. Rd2 Ba7 26. Bb2 Qf7 27.
Bd4 Bb8 28. Rd3 Qg8 29. Rg3 Rf7 30. Qe6 c5 31. Qxh6+ Qh7 32. Qe6 Qg8 33. Rg4
Qf8 34. Rh4+ Kg8 35. Qg6 Rf5 36. Bxg7 Qxg7 37. Qxf5 Ba7 38. Qe6+ Kf8 39. Rf4+
1-0

[Event "5. ODEM U25 2008"]
[Site "Willingen GER"]
[Date "2008.05.13"]
[Round "4"]
[White "Plank, Michael"]
[Black "Nake, Marianne"]
[Result "1-0"]
[Termination "normal"]
[Board "38"]
[WhiteElo "1741"]
[BlackElo "1427"]
[PlyCount "53"]
[WhiteFideId "4671716"]
[EventCountry "GER"]
[EventRounds "9"]
[EventType "swiss"]
[EventDate "2008.05.10"]

1. d4 d5 2. c4 e6 3. Nc3 c6 4. Nf3 Nf6 5. Bg5 Nbd7 6. e3 Bb4 7. cxd5 exd5 8.
Rc1 Qa5 9. Bxf6 Nxf6 10. Qb3 Ne4 11. Bd3 Be6 12. O-O c5 13. Nxd5 Nd6 14. a3 c4
15. Bxc4 Nxc4 16. Qxc4 Bxd5 17. Qxb4 Qxb4 18. axb4 Kd7 19. Ne5+ Ke6 20. Rc7
Rhf8 21. Rfc1 f6 22. Nd3 Rg8 23. Nf4+ Kd6 24. Nxd5 Kxd5 25. f3 Rae8 26. Rd7+
Ke6 27. Rxb7 1-0

[Event "5. ODEM U25 2008"]
[Site "Willingen GER"]
[Date "2008.05.13"]
[Round "4"]
[White "Neitzel, Mirko"]
[Black "Schäfer, Emma"]
[Result "1/2-1/2"]
[Termination "normal"]
[Board "39"]
[WhiteElo "1720"]
[BlackElo "1348"]
[PlyCount "48"]
[WhiteFideId "24657298"]
[BlackFideId "24659312"]
[EventCountry "GER"]
[EventRounds "9"]
[EventType "swiss"]
[EventDate "2008.05.10"]

1. e4 d5 2. exd5 Qxd5 3. Nc3 Qd6 4. d4 a6 5. Be3 Nf6 6. f3 Nc6 7. Qd2 Bf5 8.
Bc4 e6 9. Nge2 Qd7 10. a3 Be7 11. O-O-O Nd5 12. Bxd5 exd5 13. g4 Be6 14. Nf4
O-O-O 15. Na4 Rhe8 16. Nd3 b6 17. Nc3 Bf6 18. Kb1 Bxd4 19. Bxd4 Nxd4 20. Ne5
Nxf3 21. Nxf3 Bxg4 22. Rhf1 c6 23. Qd3 Kb7 24. Qxh7 Re3 1/2-1/2

[Event "5. ODEM U25 2008"]
[Site "Willingen GER"]
[Date "2008.05.13"]
[Round "4"]
[White "Hansch, Stephan"]
[Black "Laqua, Stefan"]
[Result "1-0"]
[Termination "normal"]
[Board "40"]
[WhiteElo "1515"]
[BlackElo "1684"]
[PlyCount "68"]
[BlackFideId "4674634"]
[EventCountry "GER"]
[EventRounds "9"]
[EventType "swiss"]
[EventDate "2008.05.10"]

1. e4 e6 2. d4 d5 3. exd5 exd5 4. Bd3 Nc6 5. c3 Bd6 6. Ne2 Nge7 7. O-O Bg4 8.
Qc2 Qd7 9. f3 Bh5 10. Bf4 O-O-O 11. b4 Bg6 12. Bxd6 Qxd6 13. a4 Rde8 14. a5 h5
15. b5 Nb8 16. Nd2 Bxd3 17. Qxd3 g5 18. c4 dxc4 19. Qxc4 Nd5 20. Ne4 Rxe4 21.
fxe4 Ne3 22. Qxf7 Nxf1 23. Rxf1 Nd7 24. e5 Qf8 25. Qxf8+ Rxf8 26. e6 Rxf1+ 27.
Kxf1 Nf6 28. Ng3 h4 29. Nf5 Nd5 30. Kf2 Kd8 31. Kf3 Nf6 32. Ne3 Ke7 33. d5 c6
34. Nf5+ Kd8 1-0

[Event "5. ODEM U25 2008"]
[Site "Willingen GER"]
[Date "2008.05.13"]
[Round "4"]
[White "Gerntke, Oliver"]
[Black "Schirra, Felix"]
[Result "1/2-1/2"]
[Termination "normal"]
[Board "41"]
[WhiteElo "1796"]
[BlackElo "1197"]
[PlyCount "98"]
[WhiteFideId "24647977"]
[BlackFideId "24692662"]
[EventCountry "GER"]
[EventRounds "9"]
[EventType "swiss"]
[EventDate "2008.05.10"]

1. d4 g6 2. c4 Bg7 3. Nc3 Nf6 4. e4 d6 5. f3 O-O 6. Be3 b6 7. Qd2 Bb7 8. Be2
Nbd7 9. Nh3 Rc8 10. Nf2 e5 11. d5 Ra8 12. h4 Nh5 13. g4 Nf4 14. Nd3 Ng2+ 15.
Kf2 Nxe3 16. Qxe3 Bf6 17. g5 Bg7 18. Rag1 f6 19. Ke1 fxg5 20. hxg5 Rf7 21. Nf2
Bf8 22. Ng4 a5 23. Nh6+ Bxh6 24. Rxh6 Nf8 25. Nd1 Qe7 26. Nf2 Nd7 27. Rg3 Raf8
28. Rhh3 Rf4 29. Ng4 Bc8 30. Nh6+ Kg7 31. Rh2 Nc5 32. a3 Nd7 33. b4 axb4 34.
axb4 Bb7 35. Bf1 Ba6 36. Be2 Ra8 37. Rg4 Rxg4 38. Nxg4 Rf8 39. Nh6 Rf4 40. Qg1
Bc8 41. Qg3 Nf8 42. Rh4 Rxh4 43. Qxh4 Qe8 44. b5 Bd7 45. Bf1 Qa8 46. f4 Qa1+
47. Kf2 Qb2+ 48. Be2 Qd4+ 49. Kf3 Qc3+ 1/2-1/2

[Event "5. ODEM U25 2008"]
[Site "Willingen GER"]
[Date "2008.05.13"]
[Round "4"]
[White "Wang, Julia"]
[Black "Melzer, Marcel"]
[Result "1/2-1/2"]
[Termination "normal"]
[Board "43"]
[WhiteElo "1432"]
[BlackElo "1745"]
[PlyCount "156"]
[WhiteFideId "24692565"]
[BlackFideId "24671886"]
[EventCountry "GER"]
[EventRounds "9"]
[EventType "swiss"]
[EventDate "2008.05.10"]

1. e4 c5 2. Nc3 e6 3. f4 a6 4. a4 Qc7 5. Bc4 Qxf4 6. Nf3 Qg4 7. Qe2 d6 8. O-O
Nf6 9. d3 Nc6 10. Qf2 Qh5 11. h3 Ne5 12. Nxe5 dxe5 13. Be3 Nd7 14. Ne2 Be7 15.
Kh1 Rb8 16. Nc3 b6 17. Qg1 Bg5 18. Rf3 Bxe3 19. Qxe3 Nf6 20. Raf1 Qg6 21. Rg3
Qh5 22. Rxg7 Rg8 23. Rxg8+ Nxg8 24. Qg3 Kf8 25. Qe3 Qh6 26. Qf2 Qg6 27. a5 Kg7
28. Qh4 Nf6 29. Rf3 Nh5 30. Ne2 h6 31. Ng3 Nf4 32. Qe7 bxa5 33. Qd6 Rxb2 34.
Qxe5+ Qf6 35. Qxf4 Qxf4 36. Rxf4 Rxc2 37. Rf1 a4 38. Ra1 Bd7 39. Bxa6 Rc3 40.
Nh5+ Kg6 41. Nf4+ Kf6 42. Kg1 a3 43. Bc4 Ke5 44. Ne2 Rc2 45. Nc1 Ba4 46. Nb3
Rxc4 47. dxc4 Bxb3 48. Rxa3 Bxc4 49. Re3 Kd4 50. Kf2 Bd3 51. Rf3 c4 52. Rxf7 c3
53. Ke1 Bc2 54. Ke2 Kxe4 55. Rc7 Kd4 56. g4 Bb3 57. Re7 e5 58. Rg7 Ke4 59. g5
hxg5 60. Rxg5 Bc4+ 61. Kd1 Bd3 62. h4 Kf4 63. Rg7 e4 64. Rc7 c2+ 65. Kd2 Kg4
66. Rc5 Kxh4 67. Rc3 Kg4 68. Kc1 Kf3 69. Kd2 Kf2 70. Kc1 Ke2 71. Rc7 e3 72. Rf7
Ke1 73. Rd7 Be4 74. Re7 Kf2 75. Rxe4 e2 76. Kd2 c1=Q+ 77. Kxc1 e1=Q+ 78. Rxe1
Kxe1 1/2-1/2

[Event "5. ODEM U25 2008"]
[Site "Willingen GER"]
[Date "2008.05.13"]
[Round "4"]
[White "Dietz, Daniel"]
[Black "Koksch, Florian"]
[Result "0-1"]
[Termination "normal"]
[Board "44"]
[WhiteElo "1421"]
[BlackElo "1866"]
[PlyCount "64"]
[BlackFideId "24613584"]
[EventCountry "GER"]
[EventRounds "9"]
[EventType "swiss"]
[EventDate "2008.05.10"]

1. e4 e5 2. Bc4 Bc5 3. Nf3 Nc6 4. O-O d6 5. h3 Be6 6. Bb5 Nge7 7. c3 a6 8.
Bxc6+ bxc6 9. d4 exd4 10. cxd4 Bb6 11. Nc3 O-O 12. e5 Re8 13. Re1 Qd7 14. Ne4
h6 15. Ng3 Rad8 16. exd6 cxd6 17. Nh5 Ng6 18. Bxh6 Bxh3 19. Bg5 Rxe1+ 20. Qxe1
f6 21. Bd2 Bg4 22. Ng3 Bxf3 23. gxf3 Re8 24. Qf1 Nh4 25. Be3 Nxf3+ 26. Kg2 Nh4+
27. Kh1 Qg4 28. Qc4+ d5 29. Qf1 Kf7 30. Rc1 Rh8 31. Rxc6 Nf3+ 32. Kg2 Rh2# 0-1

[Event "5. ODEM U25 2008"]
[Site "Willingen GER"]
[Date "2008.05.13"]
[Round "4"]
[White "Kuckling, Jonas"]
[Black "Preiß, Vincent"]
[Result "1-0"]
[Termination "normal"]
[Board "45"]
[WhiteElo "1420"]
[BlackElo "1580"]
[PlyCount "39"]
[WhiteFideId "24603856"]
[BlackFideId "24660850"]
[EventCountry "GER"]
[EventRounds "9"]
[EventType "swiss"]
[EventDate "2008.05.10"]

1. d4 Nf6 2. c4 e6 3. a3 d5 4. Nc3 c6 5. Bg5 Be7 6. Nf3 O-O 7. e3 Nbd7 8. Rc1
Re8 9. cxd5 Nxd5 10. Nxd5 exd5 11. Bf4 Nf6 12. Bd3 Bg4 13. O-O Bd6 14. Bg5 Qc7
15. h3 Be6 16. Bxf6 gxf6 17. Nh4 Kf8 18. Qh5 Ke7 19. Qxh7 Rh8 20. Ng6+ 1-0